000 00446nab a2200145Ia 4500
003 ES-SlBCS
005 20210601125252.0
008 140529s1987 xxu||||| |||| 00| 0 eng d
041 _aeng
100 1 _aMckie, John R.
_9156161
245 0 4 _aThe Persuasiveness of Zeno's Paradoxes
_c John R. Mckie
600 0 4 _aZenón-Paradoja
_9151242
773 0 _tPhilosophy and Phenomenological Research
_gvol. 48, 1987, págs. 631-640
_wRev1411
942 _cAR
999 _c527552
_d527552